Introduction into the basic principles of social security
Đã lưu trong:
| Príomhúdar: | |
|---|---|
| Formáid: | Leabhar |
| Teanga: | Undetermined |
| Foilsithe: |
Deventer, The Netherlands
Kluwer Law and Taxation
1993
|
| Ábhair: | |
| Clibeanna: |
Cuir Clib Leis
Gan Chlibeanna, Bí ar an gcéad duine leis an taifead seo a chlibeáil!
|
| Thư viện lưu trữ: | Trung tâm Học liệu Trường Đại học Cần Thơ |
|---|
| LEADER | 00552nam a2200193Ia 4500 | ||
|---|---|---|---|
| 001 | CTU_56183 | ||
| 008 | 210402s9999 xx 000 0 und d | ||
| 082 | |a 344.4'02 | ||
| 082 | |b P625 | ||
| 100 | |a D. Pieters | ||
| 245 | 0 | |a Introduction into the basic principles of social security | |
| 245 | 0 | |c D. Pieters | |
| 260 | |a Deventer, The Netherlands | ||
| 260 | |b Kluwer Law and Taxation | ||
| 260 | |c 1993 | ||
| 650 | |a social security | ||
| 650 | |x law and legislation | ||
| 650 | |z europe | ||
| 980 | |a Trung tâm Học liệu Trường Đại học Cần Thơ | ||